| 000 | 00501nam a2200193Ia 4500 | ||
|---|---|---|---|
| 008 | 151121s9999||||xx |||||||||||||| ||und|| | ||
| 082 | _a181।45/Pan | ||
| 082 | _bHNW-56838 | ||
| 100 | _aPanit M।P। | ||
| 245 | _aDynamics of Yoga-Second Series | ||
| 260 | _bDipti Pub।Pondicherry | ||
| 260 | _c-- | ||
| 300 | _a183 | ||
| 600 | _aPanit M।P। | ||
| 630 | _aDynamics of Yoga-Second Series | ||
| 700 | _aPanit M।P। | ||
| 730 | _aDynamics of Yoga-Second Series | ||
| 942 | _cBOOK | ||
| 999 |
_c1239223 _d1239220 |
||